Normal view MARC view
  • Eve boulonne

Entry Personal Name

Number of records used in: 2

001 - CONTROL NUMBER

  • control field: 35699

003 - CONTROL NUMBER IDENTIFIER

  • control field: OSt

005 - DATE AND TIME OF LATEST TRANSACTION

  • control field: 20260604102036.0

008 - FIXED-LENGTH DATA ELEMENTS

  • fixed length control field: 260604|| aca||aabn | a|a d

040 ## - CATALOGING SOURCE

  • Original cataloging agency: OSt
  • Transcribing agency: OSt

100 ## - HEADING--PERSONAL NAME

  • Personal name: Eve boulonne

670 ## - SOURCE DATA FOUND

  • Source citation: Work cat.: (OSt)8523: Eve boulonne, Modeling and Simulation in Economics: Volume I 2025

Copyright © 2024 Indian Institute of Management Visakhapatnam
Koha v23.05